Great short works of Herman Melville

שמור ב:
מידע ביבליוגרפי
מחבר ראשי: Melville, Herman
פורמט: ספר
שפה:Undetermined
יצא לאור: New York Harper & Row 2004
נושאים:
תגים: הוספת תג
אין תגיות, היה/י הראשונ/ה לתייג את הרשומה!
Thư viện lưu trữ: Trung tâm Học liệu Trường Đại học Cần Thơ
LEADER 00591nam a2200193Ia 4500
001 CTU_226571
008 210402s9999 xx 000 0 und d
082 |a 813.3 
082 |b M531 
100 |a Melville, Herman 
245 0 |a Great short works of Herman Melville 
245 0 |c Herman Melville ; Edited with an introd. by Warner Berthoff 
260 |a New York 
260 |b Harper & Row 
260 |c 2004 
650 |a Tiểu thuyết Mỹ,American fiction 
650 |y Thế kỷ 19,19th century 
910 |b dqhieu 
980 |a Trung tâm Học liệu Trường Đại học Cần Thơ